000 00439cam a2200169ua 4500
003 OSt
008 240222b |||||||| |||| 00| 0 eng d
020 _a81-224-0420-2
041 _aeng
082 _a621.36
_bCHO/LA
100 _aChopra, S .
_96092
245 _aLasers in chemical and biological science /
260 _aNew Delhi :
_bWiley Eastern Ltd ,
_c1992.
300 _a190 ; .
700 1 _aChawla, H M .
_96093
942 _cBK
999 _c10462
_d10462